Statistics for How many languages can you say 'hello' in?

Click here to take the quiz!

General Stats

  • This quiz has been taken 257 times
    (183 since last reset)
  • The average score is 18 of 66

Answer Stats

HintAnswer% Correct
Englishhello
95%
Hungarianhello
95%
Somalihello
95%
Swahilihello
95%
Gujaratihello
95%
Malayhello
95%
Frenchbonjour
74%
Icelandichallo
74%
Norwegianhallo
74%
Luxembourgishhallo
74%
Germanhallo
74%
Dutchhallo
74%
Spanishhola
74%
Chinesenihao
46%
Italianciao
44%
Portugeseola
43%
Hawaiianaloha
33%
Danishhej
28%
Persiansalam
28%
Azerbaijanisalam
28%
Kyrgyzsalam
28%
Japanesekonichiwa
26%
Finnishhei
24%
Australiang'day mate
23%
Scottish Gaelichalo
23%
Sudanesehalo
23%
Indonesianhalo
23%
Hindinamaste
22%
Nepalinamaste
22%
Hebrewshalom
21%
Welshhelo
17%
Latinsalve
16%
Turkishmerhaba
15%
Slovenianzdravo
15%
Serbianzdravo
15%
Macedonianzdravo
15%
Czechahoj
14%
Slovakahoj
14%
Polishczesc
14%
Swedishhalla
9%
Latviansveiki
7%
Lithuaniansveiki
7%
Ukrainianzdravstvuyte
6%
Russianzdravstvuyte
6%
Koreanannyeonghaseyo
5%
Romanianbuna
5%
Irishdiadhuit
4%
Filipinokamusta
4%
Tajiksalom
4%
Uzbeksalom
4%
Georgiangamarjoba
3%
Maltesebongu
1%
Vietnamesechaoban
1%
Yiddishhela
1%
Bengalihyalo
1%
Zulusawubona
1%
Thaiswasdi
1%
Samoantalofa
1%
Arabicassalamualaykum
0%
Urduassalamualaykum
0%
Greekchairete
0%
Xhosamholweni
0%
Yorubapeleo
0%
Mongoliansainuu
0%
Kazakhsalemetsizbe
0%
Kurdishslav
0%

Score Distribution

Percentile by Number Answered

Percent of People with Each Score

Your Score History

You have not taken this quiz since the last reset